00622 2200169 4500245003500000020002200035250001100057100001800068650002000086005001900106260002800125041001400153084001100167300002500178500024000203336000900443 aMozachikocPoppi PertiwihText a978-602-5406-74-4 aCet. 4 aPoppi Pertiwi aNovel Indonesia a20240131081006 aJakartabLoveablec2019 aIndonesia a808.83 a352 hlm. :c20.5 cm. aSejak ditolong oleh chiko moza bertekad agar chiko menyukainya. Namun, chiko selalu saja menyakiti hati moza dengan perlakuan dan kata-katanya yang kasar. Bahkan, lebih memilih nency adik tiri moza yang membuat hatinya semakin terluka. atext